100 Chanteuses Internationales (En Images) - Statistiques

Statistiques générales
  • Ce quiz a été pris 756 fois
    673 depuis la dernière actualisation
  • Le résultat moyen est 34 sur 100
Statistiques - réponses
Par images Réponse % Correct
Taylor Swift
97%
Billie Eilish
90%
Shakira
88%
Celine Dion
87%
Adele
86%
Ariana Grande
86%
Rihanna
86%
Sia
83%
Sabrina Carpenter
82%
Lady Gaga
80%
Selena Gomez
79%
Amy Winehouse
77%
Mariah Carey
77%
Miley Cyrus
75%
Dua Lipa
73%
Lana Del Rey
73%
Beyoncé
72%
Katy Perry
71%
Cardi B
69%
Pink
68%
Jennifer Lopez
66%
Camila Cabello
64%
Olivia Rodrigo
64%
Nicki Minaj
63%
Britney Spears
62%
Madonna
61%
Ice Spice
55%
Doja Cat
52%
Rosé
52%
Lizzo
51%
Rosalia
49%
Whitney Houston
49%
Janet Jackson
47%
Demi Lovato
45%
Madison Beer
43%
Cher
41%
Jessie J
40%
Chappell Roan
38%
Lisa
38%
Charlotte Cardin
37%
Meghan Trainor
37%
Sofia Carson
37%
Cynthia Erivo
35%
Ava Max
34%
Dolly Parton
32%
Alicia Keys
31%
Christina Aguilera
31%
Kelly Clarkson
27%
Victoria Beckham
27%
Rita Ora
26%
SZA
26%
Avril Lavigne
25%
Loreen
24%
Aretha Franklin
23%
Elie Goulding
22%
Charli XCX
21%
Bonnie Tyler
20%
Gwen Stefani
19%
Zara Larsson
18%
Lily Allen
17%
Lauryn Hill
16%
Birdy
15%
Tina Turner
15%
Björk
14%
Jorja Smith
14%
Carly Rae Jepsen
13%
Janis Joplin
13%
Kate Bush
12%
Kylie Minogue
12%
Nelly Furtado
12%
Laura Pausini
10%
Nina Simone
10%
Tracy Chapman
10%
Barbra Streisand
9%
Beth Ditto
9%
Anastacia
8%
Cyndi Lauper
8%
Diana Ross
7%
Dido
7%
Ella Fitzgerald
6%
Geri Halliwell
6%
Gloria Gaynor
6%
Mel B
6%
Sophie Ellis-Bextor
6%
Etta James
5%
Kelly Osbourne
5%
Nancy Sinatra
4%
Sharleen Eugene Spiteri
4%
Alanis Morisette
3%
Angélique Kidjo
3%
Carrie Underwood
3%
Donna Summer
3%
Patti Smith
3%
Shania Twain
3%
Sheryl Crow
3%
Irene Cara
2%
Kim Wilde
2%
Amy Macdonald
1%
Norah Jones
1%
Faith Hill
0%
Aucun quiz correspondant
Distribution des résultats
% des personnes avec chaque résultat
Percentile par nombre de réponses
Votre historique - résultats
Vous n’avez pas pris ce quiz depuis la dernière actualisation